000 00215nam a22001097a 4500
041 _aENG
245 _aVanrai 2001
260 _aPune
_bVanrai Sanstha
_c2001
300 _a248
650 _aGAE (15)
856 _uGAE (15)
999 _c2973
_d2973